000 01590nam a2200313 c 4500
003 BLK
005 20180420233942.0
008 180410b bul|||||r ||||||| ||bul||
010 _aKNG00158047000
040 _aBLK
041 _aBUL
_cBUL
080 _aАнтибиотици. Микробиологични продукти
_b615.33
_x
_z615.33
080 _aХигиена на храненето. Режим на храненето. Вж и 612.39 ; 614.3 ; 615.874 ; 641
_b613.2
_x
_z613.2
100 1 _aБрехман, Израил И.
_eпърви автор
_943274
700 1 _aЦанова, Олга
_eпрев. от рус.
_9287928
139 _aБрехман, Израил И.
_bБ 80
245 1 0 _aЧовекът и биологично активните вещества
_bУвод във фармакологията на здравето : Науч.-попул. очерк
_cИзраил И. Брехман; прев. от рус. Олга Цанова.
257 _aDEU
260 София
_bМедицина и физкултура
_c1981
_fПловдив : Д. Благоев
300 _a199 с.
_c17 см
380 _a61
490 1 _aЛекарят ви съветва
500 _aОриг. загл. Человек и биологически активные вещества. - 7 110 тир. - Библиогр. с. 184-195.
852 _aЦб І 18707
856 4 _qpdf
_u
856 4 _qpdf
_u
942 _cKNG
_n0
944 _aCR
_c17.03.2014
_l17.03.2014 - от С1,Р / 17.03.2014
_kПравда_Бадева
944 _aED
_c17.03.2014
_l17.03.2014 - от С1,Р / 17.03.2014
_k
999 _c151642
_d151642